Úspešné príbehy SPL: medzinárodná patentová a známková ochrana zábezpekou licencií
Význam duševného vlastníctva v prvých štádiách podnikania. Dôležitosť patentovej ochrany pre spoločnosti. Aspekty obchodnej stratégie a využívanie duševného vlastnícva ako záruky pri získavaní investícií. Prípadová štúdia malých a stredných podnikov.
Gespeichert in:
| 1. Verfasser: | |
|---|---|
| Format: | Buchkapitel |
| Sprache: | Slowakisch |
| Schlagworte: | |
| Tags: |
Keine Tags, Fügen Sie das erste Tag hinzu!
|
MARC
| LEADER | 00000naa a2200000 4500 | ||
|---|---|---|---|
| 001 | 0123427 | ||
| 005 | 20220729111150.4 | ||
| 041 | 0 | |a slo | |
| 044 | |a SK | ||
| 245 | 1 | 0 | |a Úspešné príbehy |b SPL: medzinárodná patentová a známková ochrana zábezpekou licencií |c Andrea Kapustová |
| 520 | |a Význam duševného vlastníctva v prvých štádiách podnikania. Dôležitosť patentovej ochrany pre spoločnosti. Aspekty obchodnej stratégie a využívanie duševného vlastnícva ako záruky pri získavaní investícií. Prípadová štúdia malých a stredných podnikov. | ||
| 610 | 2 | 0 | |a vlastníctvo duševné |
| 610 | 2 | 0 | |a licencie patentové |
| 610 | 2 | 0 | |a zmluvy licenčné |
| 610 | 2 | 0 | |a známky ochranné |
| 610 | 2 | 0 | |a patenty |
| 610 | 2 | 0 | |a ochrana informácií |
| 610 | 2 | 0 | |a podnikanie |
| 610 | 2 | 0 | |a štúdie prípadové |
| 100 | 1 | |a Kapustová, Andrea | |